Diseño y puesta en operaciones de tanques de sedimentación para el tratamiento de las aguas servidad de industrias unidas de centroamerica.

El presente trabajo de diploma basa en el estudio en el tratamiento de aguas residuales de la industria Unidad de Centro América, S.A(IUCASA).

Bibliographic Details
Main Author: Ramírez Asencio, María Carolina.
Other Authors: Tutor: Kronsteiner; Andreas.
Format: Tesis Section = Libro
Language:Undetermined
Spanish
Published: Managua UNI 1995
Subjects:
LEADER 00853nam a2200205Ia 4500
008 240830s9999 xx 000 0 und d
040 |a CEDOC DACA-RUSB / Mon 628.3 R173 
041 |a spa 
082 |a Mon 628.3 R173 
100 1 |a Ramírez Asencio, María Carolina.  
245 1 0 |a  Diseño y puesta en operaciones de tanques de sedimentación para el tratamiento de las aguas servidad de industrias unidas de centroamerica.  
260 |a Managua  |b UNI  |c 1995 
300 |a 92 p. :il 
502 |a Tesis (Ingeniero Químico) -UNI, 1995. 
520 3 |a El presente trabajo de diploma basa en el estudio en el tratamiento de aguas residuales de la industria Unidad de Centro América, S.A(IUCASA). 
650 7 |a TRATAMIENTO Y ELIMINACION DE AGUAS RESIDUALES 
700 1 |a Tutor:  |b  Kronsteiner; Andreas.  
942 |c BK  |2 ddc 
991 |a TESIS 
999 |c 25961